000 01012cam a22002651i 4500
003 SA-RiAUC
005 20251130135114.0
008 251123s1994 sy g 00000 ara c
040 _aSA-RiAUC
_bara
_cSA-RiAUC
_erda
041 1 _aara
_hund
082 0 4 _a305.891597
090 _a305.891597
_bل ي ر
100 1 _aليرخ، ب.،
_d1827-1884
_eمؤلف.
245 1 0 _aدراسات حول الأكراد وأسلافهم الخالدين الشماليين /
_cب. ليرخ ؛ ترجمة عبدي حاجي.
250 _aالطبعة الأولى.
264 1 _aحلب، سوريا :
_aدمشق :
_bمكتبة خاني ؛
_bدار علاء الدين،
_c1994
300 _a108 صفحة ؛
_c18 سم
336 _aنص
_btxt
_2rdacontent
_3كتاب
337 _aبدون وسيط
_bn
_2rdamedia
338 _aمجلد
_bnc
_2rdacarrier
650 7 _aالأكراد
_xتاريخ
_2aucsh
700 1 _aحاجي، عبدي
_eمترجم.
942 _2ddc
_cBOOK
_n0
949 _aSA-JeALM
_d251123
_umohamedma123
_n1
999 _c13409
_d13409